000 00759nam a2200241Ia 4500
003 GCL
008 140319s9999 xx 000 0 ara d
020 _a2395345977
040 _aGCL /
_cGCL
082 0 4 _aط
_b372.52
_bق س
100 1 _aداليا عبدالناصر
245 1 0 _aالسيارات و السفن /
_cداليا عبدالناصر
700 1 _aهانى لطفى
250 _aالاولى
260 _aالقاهرة :
_bدار الفاروق للنشر والتوزيع ،
_c2004
300 _a35 ص ؛
_c22 سم
490 _aكيف ترسم وتلون
_v0
650 0 4 _aرسوم الاطفال
650 0 4 _aالرسم الاصبعى
650 0 4 _aرسم السيارات
650 0 4 _aرسم السفن
942 _2ddc
_cBK
999 _c33418
_d33418